Working media women : (Record no. 2793)

000 -LEADER
fixed length control field 01338cam a22003614a 4500
001 - CONTROL NUMBER
control field 15745933
003 - CONTROL NUMBER IDENTIFIER
control field OSt
005 - DATE AND TIME OF LATEST TRANSACTION
control field 20201005135844.0
008 - FIXED-LENGTH DATA ELEMENTS--GENERAL INFORMATION
fixed length control field 090502s2009 ii bs 001 0 eng
010 ## - LIBRARY OF CONGRESS CONTROL NUMBER
LC control number 2009311557
020 ## - INTERNATIONAL STANDARD BOOK NUMBER
International Standard Book Number 9788184571486
025 ## - OVERSEAS ACQUISITION NUMBER
Overseas acquisition number I-E-2009-311557; 92-14; 70-14
035 ## - SYSTEM CONTROL NUMBER
System control number (IN-NdUBS) 2009311557
037 ## - SOURCE OF ACQUISITION
Source of stock number/acquisition Library of Congress -- New Delhi Overseas Office
Terms of availability Rs450.00
038 ## - RECORD CONTENT LICENSOR
Staff Name Shaban
040 ## - CATALOGING SOURCE
Original cataloging agency DLC
Transcribing agency DLC
Modifying agency DLC
042 ## - AUTHENTICATION CODE
Authentication code lcode
043 ## - GEOGRAPHIC AREA CODE
Geographic area code a-ii---
050 00 - LIBRARY OF CONGRESS CALL NUMBER
Classification number P94.5.W652
Item number I574 2009
082 ## - DEWEY DECIMAL CLASSIFICATION NUMBER
Classification number 302.2308
Author Mark MUR
100 1# - MAIN ENTRY--PERSONAL NAME
Personal name Murthy, D. V. R.,
Dates associated with a name 1962-
9 (RLIN) 31278
245 10 - TITLE STATEMENT
Title Working media women :
Remainder of title profile, work environment, and job satisfaction /
Statement of responsibility, etc. D.V.R. Murthy, G. Anita.
260 ## - PUBLICATION, DISTRIBUTION, ETC.
Place of publication, distribution, etc. New Delhi :
Name of publisher, distributor, etc. Kanishka Publishers, Distributors,
Date of publication, distribution, etc. 2009.
300 ## - PHYSICAL DESCRIPTION
Extent 163 p. ;
Dimensions 23 cm.
500 ## - GENERAL NOTE
General note Includes statistical tables.
504 ## - BIBLIOGRAPHY, ETC. NOTE
Bibliography, etc. note Includes bibliographical references (p. [150]-159) and index.
520 ## - SUMMARY, ETC.
Summary, etc. Study with reference to three cities of Andhra Pradesh, India namely Hyderabad, Vijayawāda, and Vishakhapatnam.
650 #0 - SUBJECT ADDED ENTRY--TOPICAL TERM
Topical term or geographic name entry element Women in the mass media industry
Geographic subdivision India
-- Andhra Pradesh
Form subdivision Case studies.
9 (RLIN) 31281
700 1# - ADDED ENTRY--PERSONAL NAME
Personal name Anita, G.
9 (RLIN) 31280
906 ## - LOCAL DATA ELEMENT F, LDF (RLIN)
a 7
b cbc
c origode
d 3
e ncip
f 20
g y-gencatlg
942 ## - ADDED ENTRY ELEMENTS (KOHA)
Source of classification or shelving scheme
Koha item type Book
Holdings
Withdrawn status Lost status Source of classification or shelving scheme Damaged status Not for loan Permanent Location Current Location Shelving location Date acquired Total Checkouts Full call number Barcode Date last seen Price effective from Koha item type
          Central Library (CL) Central Library (CL) First Floor - Journalism 03/18/2016   302.2308 MUR S3H-S-465 03/18/2016 03/18/2016 Book
© 2023 Central Library, National University of Sciences and Technology. All Rights Reserved.